Statistics for Every Bobby Brown song that hit the Billboard hot 100

Click here to take the quiz!

General Stats

  • This quiz has been taken 11 times
  • The average score is 6 of 12

Answer Stats

Peak Chart PositionYearSong% Correct
31989Every Little Step
90%
11989My Prerogative
80%
31989Roni
80%
11990She Ain't Worth It
60%
21989On Our Own (From "Ghostbusters II")
60%
571987Girlfriend
50%
31992Humpin' Around
40%
71989Rock Wit'cha
40%
71992Good Enough
20%
81993Get Away
20%
142002Thug Lovin'
20%
421993That's The Way Love Is
20%

Score Distribution

Percentile by Number Answered

Percent of People with Each Score

Your Score History

You have not taken this quiz